|
|
|
|
| LEADER |
00000nam a22000007a 4500 |
| 005 |
20141009002933.0 |
| 007 |
cr|||| |||| |
| 008 |
141009s2014 es |||||s|||| 00||0 spa d |
| 020 |
|
|
|a 978-84-9031-975-8
|
| 035 |
|
|
|a 12416
|
| 040 |
|
|
|a vLex
|
| 090 |
|
|
|c 5198
|d 5198
|
| 100 |
1 |
|
|a Pastor Seller, Enrique
|
| 245 |
1 |
0 |
|a Gobernabilidad, ciudadania y democracia participativa
|h [Recurso electrn̤ico] /
|c Enrique Pastor Seller, Gerardo Tamez Gonzl̀ez, Karla Annett Cynthia Saenz Lp̤ez
|
| 256 |
|
|
|a Servicio en ln̕ea
|
| 260 |
|
|
|a Madrid:
|b Dykinson,
|c 2014
|
| 300 |
|
|
|a 1 recurso electrn̤ico
|
| 500 |
|
|
|a Anl̀isis comparado Espaą - Mx̌ico.
|
| 506 |
1 |
|
|a Disponible solo en los productos indicados
|d vLex Global
|d vLex Global (Academic Edition, excluding Law Schools)
|d vLex Global (U.S. Academic Edition, Law Schools)
|d vLex Global (U.S. Academic Edition, excluding Law Schools)
|d vLex Global (Academic Edition, Law Schools)
|
| 650 |
|
|
|a Derecho Constitucional
|z Espaą
|
| 650 |
|
|
|a Ciencia polt̕ica
|z Espaą
|
| 700 |
1 |
|
|a Tamez Gonzl̀ez, Gerardo
|
| 700 |
1 |
|
|a Saenz Lp̤ez, Karla Annett Cynthia
|
| 740 |
0 |
|
|a vLex Libros (Servicio en ln̕ea)
|
| 856 |
4 |
0 |
|u http://vlex.com/source/gobernabilidad-ciudadania-democracia-participativa-12416
|z Acceso restringido
|
| 942 |
|
|
|c BOOK
|
| 999 |
0 |
|
|a Constitutional Law
|
| 999 |
0 |
|
|a Political Science
|